| 000 | 00644nam a22001817a 4500 | ||
|---|---|---|---|
| 999 |
_c9528 _d9528 |
||
| 003 | GBCCL | ||
| 005 | 20241126110713.0 | ||
| 008 | 230227b ||||| |||| 00| 0 eng d | ||
| 020 | _a9789358109368 | ||
| 040 | _cGBC | ||
| 082 |
_a 954.004954 _bNEI |
||
| 100 |
_aNeihsial, Tualchin _910349 |
||
| 245 |
_aUnderstanding the Zomi : _ba compilation of research work on Zomi by Dr. Tualchin Neihsial / _ccompiled by Publication board |
||
| 260 |
_aLamka : _bPublication board, Zomi Nam ni platinum jubilee celebration committee, _c2023 |
||
| 300 | _a222p. ; | ||
| 650 |
_aZomi (Asian people) _vhistory _zNorth East India _916592 |
||
| 942 |
_2ddc _cBK _011 |
||